000
00224nam a2200097Ia 4500
001
744878
005
20250826164306.0
008
250824s9999 xx 000 0 und d
245
0
_a
LİMON
_c
ANONİM
260
_b
KARATAY YAYINLARI
999
_c
744878
_d
744878